000 00494nam a2200169Ia 4500
003 IN-BaIIA
008 211028s9999 xx 000 0 eng d
040 _cIIA Library
080 _a517
_bGOU-I
100 _aGoursat, Edouard
245 2 _aA course in mathematical analysis
_bvol. 1
_cEdouard Goursat
260 _aNew York
_c1904
300 _aviii, 548p.
650 _aAlgebra
_91494
650 _aAstronomy and Astrophysics Thesaurus
942 _cBK
999 _c1856
_d1856